Normal view
MARC view
- Asadī, K̲h̲ālid ʻAbbās.
Entry Personal Name
001 - CONTROL NUMBER
- control field: 7020
003 - CONTROL NUMBER IDENTIFIER
- control field: NUST
005 - DATE AND TIME OF LATEST TRANSACTION
- control field: 20171206144844.0
008 - FIXED-LENGTH DATA ELEMENTS
- fixed length control field: 171206|| aca||aabn | a|a d
040 ## - CATALOGING SOURCE
- Original cataloging agency: NUST
- Transcribing agency: NUST
100 ## - HEADING--PERSONAL NAME
- Personal name: Asadī, K̲h̲ālid ʻAbbās.
670 ## - SOURCE DATA FOUND
- Source citation: Work cat.: (NUST)0: 880-01 Asadī, K̲h̲ālid ʻAbbās., Pāk Cīn dostī :, 2011.
